| 000 | 00906nam a22002897a 4500 | ||
|---|---|---|---|
| 001 | 7037 | ||
| 003 | FISKH | ||
| 005 | 20250619102051.0 | ||
| 008 | 250619b cb ||||| |||| 00| 0 eng d | ||
| 020 | _a9780590957281 | ||
| 040 |
_aFISKH _beng _cFISKH _dFISKH |
||
| 050 | _aG174 | ||
| 082 | _a398.22 | ||
| 100 | _aGardner, J.J | ||
| 245 |
_aLarger than life / _cA novelization by J.J. Gardner ; Based on the screenplay by Roy Blount, Jr. ; and the story by Pen Densham and Gary Williams |
||
| 250 | _aThis edition first published in 1996 | ||
| 260 |
_aSanta Monica : _bScholastic, _c1996 |
||
| 300 |
_a97 pages : _c20 cm |
||
| 505 | _aR | ||
| 520 | _aJack Corcoran is pretty surprised to learn that he's inherited an elephant. | ||
| 521 | 8 |
_a770
_bLexile |
|
| 521 | 8 |
_aR
_bRaz-Plus |
|
| 650 |
_2Juvenile _aMovies |
||
| 650 |
_2Orange _aFantasy |
||
| 942 |
_2ddc _cBK _n0 |
||
| 999 |
_c7037 _d7037 |
||